[Event "13th Open"]
[Site "Voronezh RUS"]
[Date "2009.06.12"]
[Round "1"]
[White "Aldokhin,I"]
[Black "Sjugirov,S"]
[Result "1/2-1/2"]
[WhiteElo "2345"]
[BlackElo "2588"]

1.e4 c5 2.Nf3 d6 3.d4 cxd4 4.Nxd4 Nf6 5.Nc3 a6 6.f3 e5 7.Nb3 Be6 8.Be3 Be7
9.Qd2 Nbd7 10.O-O-O b5 11.g4 b4 12.Nd5 Bxd5 13.exd5 Nb6 14.Na5 Nbxd5 15.Nc6 Qc7
16.Nxe7 Nxe3 17.Qxe3 Kxe7 18.Bd3 Rhe8 19.Rhe1 Kf8 20.g5 Nh5 21.Qe4 g6 22.Qxb4 Rab8
23.Qa3 Rb6 24.Re4 Reb8 25.Bxa6 Kg8 26.Bc4 Nf4 27.Bb3 R8b7 28.Rc4 Qb8 29.Kb1 Kg7
30.Qa5 Ne6 31.h4 Rb5 32.Qd2 d5 33.Rg4 Nf4 34.Rxf4 exf4 35.Qc3+ Kg8 36.a4 Rxb3
37.cxb3 Rxb3 38.Qf6 Rb6 39.Qd4 Rb4 40.Qc3 Rxa4 41.Rxd5 Qa8 42.b3  1/2-1/2

[Event "XLIV Capablanca Memorial Open"]
[Site "Havana CUB"]
[Date "2009.06.14"]
[Round "6"]
[White "Guerrero,JuC"]
[Black "Vera Gonzalez Quevedo,R"]
[Result "1-0"]
[WhiteElo "2202"]
[BlackElo "2475"]

1.e4 c5 2.Nf3 d6 3.d4 cxd4 4.Nxd4 Nf6 5.Nc3 a6 6.f3 e6 7.Be3 b5 8.Qd2 b4
9.Nd1 Be7 10.Nf2 a5 11.g4 O-O 12.O-O-O Bb7 13.g5 Nfd7 14.f4 d5 15.e5 Nc6
16.Ng4 a4 17.Kb1 b3 18.a3 bxc2+ 19.Qxc2 Nxd4 20.Bxd4 Ba6 21.Rg1 Kh8 22.Bxa6 Rxa6
23.Rg3 g6 24.Rh3 Kg7 25.Qd3 Qc8 26.Nf6  1-0

[Event "Open"]
[Site "Varna BUL"]
[Date "2009.06.15"]
[Round "4"]
[White "Miteva,S"]
[Black "Hristov,B"]
[Result "1-0"]
[WhiteElo "1599"]
[BlackElo "1586"]

1.e4 c5 2.Nf3 d6 3.d4 cxd4 4.Nxd4 Nf6 5.Nc3 a6 6.f3 e5 7.Nb3 Be6 8.Be3 Be7
9.Qd2 b5 10.O-O-O O-O 11.g4 b4 12.Ne2 a5 13.Kb1 a4 14.Nbc1 Qc7 15.h4 Rc8
16.h5 b3 17.c3 bxa2+ 18.Nxa2 a3 19.b4 Bb3 20.Rc1 Ne8 21.g5 f5 22.exf5 Qc6
23.h6 Qxf3 24.Bh3 Qe4+ 25.Ka1 Nd7 26.f6 Bxf6 27.Bxd7 Rd8 28.Bxe8 Be7 29.Bb5 Bd5
30.Bd3 Qg4 31.Rcg1 Qe6 32.g6 e4 33.gxh7+ Kf7 34.Rxg7+ Ke8 35.Bb5+  1-0

[Event "XLIV Capablanca Memorial Open"]
[Site "Havana CUB"]
[Date "2009.06.18"]
[Round "10"]
[White "Espinosa,E"]
[Black "Vera Gonzalez Quevedo,R"]
[Result "1/2-1/2"]
[WhiteElo "2395"]
[BlackElo "2475"]

1.e4 c5 2.Nf3 d6 3.d4 cxd4 4.Nxd4 Nf6 5.Nc3 a6 6.f3 e6 7.Be3 b5 8.Qd2 b4
9.Nce2 e5 10.Nb3 Nc6  1/2-1/2

[Event "Petr Izmailov Mem"]
[Site "Tomsk RUS"]
[Date "2009.06.26"]
[Round "3"]
[White "Zaretsky,L"]
[Black "Kozganbayev,E"]
[Result "0-1"]
[WhiteElo "2034"]
[BlackElo "2173"]

1.e4 c5 2.Nf3 d6 3.d4 cxd4 4.Nxd4 Nf6 5.Nc3 a6 6.f3 e5 7.Nb3 Be6 8.Be3 Be7
9.Qd2 b5 10.Nd5 Nxd5 11.exd5 Bf5 12.Bd3 Bxd3 13.Qxd3 Nd7 14.O-O O-O 15.a4 b4
16.a5 Qc7 17.Rfd1 Rfb8 18.Rd2 Rb5 19.Rad1 Nf6 20.Bb6 Qb7 21.Qe3 Nd7 22.Nd4 Nxb6
23.Nxb5 Nc4 24.Nxd6 Bxd6 25.Qe4 Nxd2 26.Rxd2 Qb5 27.h4 Qxa5 28.b3 Qc5+ 29.Kh2 Qc3
30.Re2 Qd4 31.Kh3 Qxe4 32.fxe4 Rc8 33.Kg4 Rc3 34.g3 g6 35.Kh3 f5 36.Kg2 fxe4
37.Kh3 Rc5 38.g4 Rxd5 39.Rxe4 Rd4 40.Re2 e4 41.g5  0-1

[Event "World Open"]
[Site "Philadelphia USA"]
[Date "2009.07.02"]
[Round "2"]
[White "Rensch,D"]
[Black "Shabalov,A"]
[Result "0-1"]
[WhiteElo "2399"]
[BlackElo "2569"]

1.e4 c5 2.Nf3 d6 3.d4 cxd4 4.Nxd4 Nf6 5.Nc3 a6 6.f3 g6 7.Be3 h5 8.Qd2 Bg7
9.O-O-O b5 10.Kb1 Nbd7 11.Nd5 Nxd5 12.exd5 Bb7 13.Nc6 Bxc6 14.dxc6 Ne5 15.Bd4 O-O
16.f4 Ng4 17.Be2 Nf6 18.Bf3 Rc8 19.Rhe1 e6 20.Bc3 d5 21.Ba5 Qd6 22.Bb4 Qxc6
23.Bxf8 Kxf8 24.Re2 Ne8 25.c3 Nd6 26.Bxd5 exd5 27.Qxd5 Qxd5 28.Rxd5 Rc6 29.a4 Bf6
30.axb5 axb5 31.g3 Be7 32.h3 Rc4 33.Red2 Ne4 34.R2d3 b4 35.cxb4 Rxb4 36.Kc2 Bf6
37.b3 Rb8 38.Re3 Rc8+ 39.Kd3 Nf2+ 40.Ke2 Nxh3 41.Kf1 g5 42.fxg5 Nxg5 43.b4 Rc1+
44.Kg2 Rb1 45.b5 Rb2+ 46.Kf1 Kg7 47.Ke1 Kg6 48.Kd1 Ne6 49.Rf3 Bg5 50.Rc3 Ng7
51.Rc2 Rb1+ 52.Ke2 Nf5 53.Rc3 f6 54.Kd3 Rd1+ 55.Kc4 Nd6+  0-1

[Event "12th Open"]
[Site "Malaga ESP"]
[Date "2009.07.12"]
[Round "3"]
[White "Fierro Baquero,M"]
[Black "Ibarra Jerez,JC"]
[Result "0-1"]
[WhiteElo "2394"]
[BlackElo "2517"]

1.e4 c5 2.Nf3 d6 3.d4 Nf6 4.Nc3 cxd4 5.Nxd4 a6 6.f3 Qb6 7.Nb3 e6 8.Qe2 Qc7
9.g4 b5 10.a3 Bb7 11.Bd2 Nc6 12.g5 Nd7 13.Bf4 Nce5 14.O-O-O Nc4 15.Bd2 g6
16.f4 Bg7 17.h4 Ndb6 18.Rh3 Nxb2 19.Kxb2 Bxc3+ 20.Kb1 Na4 21.Bg2 Rc8 22.Qd3 O-O
23.Re1 Bg7 24.Ba5 Qc6 25.h5 Nb2 26.Qe2 Nc4 27.Bb4 Qc7 28.e5 dxe5 29.Bxb7 Qxb7
30.hxg6 fxg6 31.Bxf8 Bxf8 32.Rc1 a5 33.Qg4 Qe7 34.fxe5 Nxa3+ 35.Ka2 Nxc2  0-1

[Event "ch-SCO"]
[Site "Edinburgh SCO"]
[Date "2009.07.17"]
[Round "7"]
[White "Arakhamia,K"]
[Black "Arun Prasad,S"]
[Result "0-1"]
[WhiteElo "2506"]
[BlackElo "2556"]

1.e4 c5 2.Nf3 d6 3.d4 cxd4 4.Nxd4 Nf6 5.Nc3 a6 6.f3 e6 7.Be3 b5 8.g4 h6 9.Qd2 b4
10.Nce2 e5 11.Nb3 Nc6 12.c4 Be6 13.Ng3 g6 14.h4 a5 15.Rd1 a4 16.Nc1 h5 17.g5 Nd7
18.Be2 Qa5 19.O-O Rd8 20.b3 Nc5 21.Rf2 Bg7 22.Bf1 O-O 23.Qc2 f6 24.Nce2 Rd7
25.f4 Bg4 26.f5 fxg5 27.Bxg5 Nd4 28.Nxd4 Bxd1 29.Qxd1 exd4 30.f6 axb3 31.axb3 Ne6
32.Bh3 Nxg5 33.Bxd7 Rxf6 34.hxg5 Qxg5 35.Rg2 Qe3+ 36.Kh1 Rf4 37.Be6+ Kh7
38.Nf1 Qxe4 39.Bd5 Qf5 40.Nh2 Rh4 41.Qe1 Rf4 42.Qe6 Qxe6 43.Bxe6 Kh6 44.Bd5 g5
45.Nf3 g4 46.Ne1 Kg5 47.Nd3 Rf8 48.Re2 h4 49.Nf2 h3 50.Be6 Be5 51.Bxg4 Rxf2
52.Rxf2 Kxg4 53.Rf1 Kg3 54.Rc1 Kf3 55.c5 dxc5 56.Rxc5 Ke4 57.Rc4 Bd6 58.Kg1 Ke3
59.Rc6 Bf4 60.Re6+ Kf3 61.Re1 Be3+ 62.Kh2 d3 63.Kxh3 d2  0-1

[Event "Women's Open"]
[Site "Vratsa BUL"]
[Date "2009.07.25"]
[Round "1"]
[White "Vasova,M"]
[Black "Yordanova,S"]
[Result "0-1"]
[WhiteElo "1757"]
[BlackElo "2200"]

1.e4 c5 2.Nf3 d6 3.d4 cxd4 4.Nxd4 Nf6 5.Nc3 a6 6.f3 e5 7.Nb3 Be6 8.Be3 h5
9.Qd2 Nbd7 10.O-O-O Be7 11.Be2 b5 12.Nd5 Bxd5 13.exd5 Nb6 14.Na5 Nbxd5 15.Bg5 Rc8
16.Kb1 Nc3+ 17.bxc3 Qxa5 18.Bxf6 gxf6 19.g4 Qxc3 20.gxh5 Qxd2 21.Rxd2 Rxh5
22.Rg1 Rg5 23.Rg4 Kf8 24.h4 Rh5 25.f4 f5 26.Rg8+ Kxg8 27.Bxh5 Rc4 28.fxe5 dxe5
29.Rf2 Rxh4 30.Rxf5 f6 31.Be2 Kg7 32.Rf3 e4 33.Rg3+ Kf7 34.Kc1 Bd6 35.Rg1 f5
36.Rd1 Ke7 37.Kb2 Rh2 38.Bf1 f4 39.Re1 e3 40.Bd3 Kf6 41.Be4 Bb4 42.Rg1 e2  0-1

[Event "Continental ch-Americas"]
[Site "Sao Paulo BRA"]
[Date "2009.07.26"]
[Round "3"]
[White "Cubas,Jo"]
[Black "Corrales Jimenez,F"]
[Result "0-1"]
[WhiteElo "2454"]
[BlackElo "2602"]

1.e4 c5 2.Nf3 d6 3.d4 cxd4 4.Nxd4 Nf6 5.Nc3 a6 6.f3 e6 7.Be3 b5 8.Qd2 Nbd7
9.g4 Nb6 10.O-O-O Bb7 11.Nb3 Rc8 12.Kb1 b4 13.Qf2 Nfd7 14.Ne2 Nc4 15.Bd4 a5
16.Nec1 a4 17.Nd2 Na5 18.Bb5 Bc6 19.Bd3 Qc7 20.Rhf1 Nc5 21.Bxc5 dxc5 22.f4 Be7
23.Nc4 Bxe4 24.Nxa5 Bxd3 25.Nxd3 Qxa5 26.Ne5 O-O 27.f5 a3 28.b3 f6 29.Nd7 Rfd8
30.fxe6 c4 31.g5 cxb3 32.cxb3 Qxg5 33.Rg1 Qh5 34.Rd4 Kh8 35.Rh4 Qd5 36.Qe2 Rc3
37.Rd1 Qg5 38.Rg4 Re3 39.Rxg5 Rxe2 40.Rgd5 Rc8  0-1

[Event "14th Open"]
[Site "Creon FRA"]
[Date "2009.07.30"]
[Round "5"]
[White "Jonckers,M"]
[Black "Alard,P"]
[Result "0-1"]
[WhiteElo "1701"]
[BlackElo "1861"]

1.e4 c5 2.Nf3 d6 3.d4 cxd4 4.Nxd4 Nf6 5.Nc3 a6 6.f3 b5 7.Be3 Bb7 8.Qd2 Nbd7
9.Nb3 e6 10.a3 Rc8 11.Be2 Be7 12.O-O O-O 13.Rac1 Ne5 14.Kh1 Nc4 15.Bxc4 Rxc4
16.Ne2 Rc8 17.Nf4 Nd7 18.Qf2 Ne5 19.Bb6 Qe8 20.Bd4 Bg5 21.g3 Nxf3 22.Qxf3 e5
23.Be3 exf4 24.gxf4 Bxe4  0-1

[Event "ZMD Open"]
[Site "Dresden GER"]
[Date "2009.07.31"]
[Round "7"]
[White "Carmesin,M"]
[Black "Kiessling,A"]
[Result "1/2-1/2"]
[WhiteElo "1794"]
[BlackElo "2030"]

1.e4 c5 2.Nf3 d6 3.d4 cxd4 4.Nxd4 Nf6 5.Nc3 a6 6.f3 e5 7.Nb3 Be6 8.Be3 Be7
9.Qd2 O-O 10.O-O-O b5 11.g4 Nbd7 12.g5 Nh5 13.Nd5 Bxd5 14.exd5 f5 15.gxf6 Rxf6
16.Na5 Qe8 17.Nc6 Bf8 18.Bg5 Rf7 19.Re1 h6 20.Be3 Rxf3 21.Bd3 Rf6 22.Rhf1 Rxf1
23.Rxf1 Nhf6 24.Bf5 Qh5 25.Qg2 Kh8 26.Be6 Qh4 27.b3 a5 28.Rf3 Qe1+ 29.Kb2 a4  1/2-1/2

[Event "ZMD Open"]
[Site "Dresden GER"]
[Date "2009.07.31"]
[Round "7"]
[White "Boyarchenko,M"]
[Black "Hansch,T"]
[Result "1-0"]
[WhiteElo "2028"]
[BlackElo "2203"]

1.e4 c5 2.Nf3 d6 3.d4 cxd4 4.Nxd4 Nf6 5.Nc3 a6 6.f3 e5 7.Nb3 Be6 8.Be3 Nbd7
9.Qd2 Be7 10.g4 b5 11.O-O-O Nb6 12.Qf2 Nc4 13.Bxc4 bxc4 14.Nc5 O-O 15.g5 Nh5
16.Rhg1 Qc8 17.N5a4 Rb8 18.Nb6 Qb7 19.Ncd5 Bxd5 20.Rxd5 c3 21.b3 Nf4 22.Bxf4 exf4
23.Nc4 Qb4 24.a3 Qb7 25.Qd4 Qc8 26.Qxc3 Rb5 27.Qd4 Qh3 28.Qf2 Rxd5 29.exd5 Qf5
30.Qd4 Rc8 31.h4 Bf8 32.Rg4 g6 33.Qe4 Rxc4 34.Qxc4 Qe5 35.Qe4 Qa1+ 36.Kd2 h5
37.Rxf4 Bg7 38.Qe8+ Kh7 39.Qxf7 Qc3+ 40.Kd1 Qa1+ 41.Ke2 Qg1 42.Rf6 Qg2+ 43.Kd3 Qf1+
44.Kc3 Qe1+ 45.Kd3 Qd1+ 46.Kc3 Qe1+ 47.Kb2 Kh8 48.Qxg6 Qxh4 49.Ka2 Qd4 50.Qxh5+ Kg8
51.Qe8+ Kh7 52.Qe4+  1-0

[Event "Centroamericano & Caribbean U20 w"]
[Site "Medellin COL"]
[Date "2009.07.31"]
[Round "2"]
[White "Romero,Da"]
[Black "Gutierrez,L"]
[Result "0-1"]
[WhiteElo "2080"]
[BlackElo "1896"]

1.e4 c5 2.Nf3 d6 3.d4 cxd4 4.Nxd4 Nf6 5.Nc3 a6 6.f3 e6 7.Be3 b5 8.Qd2 Bb7
9.g4 Nfd7 10.O-O-O Nb6 11.h4 N8d7 12.g5 Rc8 13.Kb1 Qc7 14.Bd3 Nc4 15.Bxc4 Qxc4
16.h5 Ne5 17.Rdg1 Qb4 18.a3 Qa5 19.Nb3 Qc7 20.Qf2 Nc4 21.Bc1 Nxa3+ 22.bxa3 Qxc3
23.Bb2 Qc7 24.h6 e5 25.hxg7 Bxg7 26.Rh4 Bf8 27.Rhh1 Be7 28.Qg2 Rg8  0-1

[Event "Centroamericano & Caribbean U20"]
[Site "Medellin COL"]
[Date "2009.07.31"]
[Round "2"]
[White "Guerra Mojena,L"]
[Black "Torres,JoseD"]
[Result "1/2-1/2"]
[WhiteElo "2267"]
[BlackElo "2171"]

1.e4 c5 2.Nf3 d6 3.d4 cxd4 4.Nxd4 Nf6 5.Nc3 a6 6.f3 e5 7.Nb3 Be6 8.Be3 Be7
9.Qd2 O-O 10.O-O-O Nbd7 11.g4 b5 12.Rg1 Nb6 13.g5 Nfd7 14.Nd5 Bxd5 15.exd5 Rc8
16.Na5 Nxd5 17.Qxd5 Qxa5 18.Bh3 Qc7 19.Rg2 g6 20.Bxd7 Qxd7 21.Qxe5 Qe6 22.Qxe6 fxe6
23.f4 Rf5 24.Re1 Kf7 25.h4 h6 26.Bd2 hxg5 27.hxg5 e5 28.Rh2 Bf8 29.fxe5 dxe5
30.Rh3 Rc6 31.Rh4 Be7 32.Rh7+ Kf8 33.Rg1 Rf2 34.a3 e4 35.c3 a5 36.Rh4 Re6
37.Be3 Rf3 38.Bd4 Rf5 39.Be3 Rf3  1/2-1/2

[Event "Open"]
[Site "Kavala GRE"]
[Date "2009.08.01"]
[Round "2"]
[White "Mamedov,Nid"]
[Black "Georgiadis,I"]
[Result "1-0"]
[WhiteElo "2614"]
[BlackElo "2438"]

1.e4 c5 2.Nf3 d6 3.d4 cxd4 4.Nxd4 Nf6 5.Nc3 a6 6.f3 e5 7.Nb3 Be6 8.Be3 Be7
9.Qd2 O-O 10.O-O-O a5 11.Qe1 Qc8 12.a4 Nc6 13.g4 Nb4 14.g5 Ne8 15.Kb1 d5
16.exd5 Bf5 17.Rd2 Nc7 18.Qd1 Rd8 19.Na1 Ne8 20.Bb5 Nd6 21.Qe2 Qc7 22.Rhd1 Rac8
23.h4 b6 24.Bf2 f6 25.gxf6 Bxf6 26.Ne4 Qb7 27.c3 Nxb5 28.Qxb5 Na6 29.Nc2 Rb8
30.c4 Kh8 31.h5 Bd7 32.Qb3 Be7 33.h6 gxh6 34.Bg3  1-0

[Event "Open"]
[Site "Kavala GRE"]
[Date "2009.08.03"]
[Round "4"]
[White "Aroshidze,L"]
[Black "Banikas,H"]
[Result "0-1"]
[WhiteElo "2537"]
[BlackElo "2598"]

1.e4 c5 2.Nf3 d6 3.d4 cxd4 4.Nxd4 Nf6 5.Nc3 a6 6.f3 e6 7.Be3 b5 8.Qd2 Nbd7
9.g4 h6 10.O-O-O b4 11.Nce2 Qc7 12.h4 d5 13.Bf4 e5 14.Bh2 dxe4 15.g5 exf3
16.gxf6 fxe2 17.Bxe2 gxf6 18.Bh5 Rb8 19.Ne6 Qc4 20.Nxf8 Rxf8 21.Kb1 Qe6 22.Qxh6 Bb7
23.Rhe1 Ke7 24.Qd2 a5 25.Re3 Nc5 26.Qe1 Rh8 27.Bxe5 fxe5 28.Rxe5 Rxh5 29.Rxh5 Qxe1
30.Rxe1+ Kd6 31.Rd1+ Kc6 32.Rf1 Rg8 33.Rf6+ Kb5 34.b3 Be4 35.Rg5 Rxg5 36.hxg5 Bg6
37.Rd6 a4 38.bxa4+ Nxa4 39.Rd4 Kc5 40.Rg4 Nc3+ 41.Kb2 Nd1+ 42.Kc1 Ne3 43.Rh4 Nxc2
44.Rh8 Nd4 45.Rc8+ Nc6 46.Rc7 Kb6 47.Rd7 Ne5 48.Rd8 Kc5 49.Rc8+ Kd4 50.Kb2 Bf5
51.Rd8+ Kc4 52.Re8 Nd3+ 53.Kc2 Nc5+ 54.Kb2 Na4+ 55.Kc1 Kc3 56.Re7 Bg6 57.Rc7+ Kd4
58.Rb7 Kc5 59.Rc7+ Kb6 60.Rc4 Kb5 61.Rc8 Bf5 62.Re8 Nc5 63.Kb2 Be6 64.Rb8+ Kc4
65.Rg8 Na4+ 66.Ka1 Bf5 67.Rf8 Bg6 68.Rc8+ Nc5 69.Kb2 Bf5 70.Rf8 Be6 71.Rg8 Nd3+
72.Kc2 Ne5 73.Rd8 Kc5 74.Kb2 Nc4+ 75.Ka1 Nd6 76.Rg8 f5 77.Rh8 Nf7 78.Rh5 Ne5
79.Rh6 Kd6 80.g6 Ng4 81.Rh8 f4 82.g7 Nf6 83.Rb8 f3 84.Rxb4 Ke5 85.Rb2 Ng4
86.Rb1 f2 87.a4 Kf6 88.a5 Kxg7 89.a6 Ne3 90.a7 Bd5  0-1

[Event "Centroamericano & Caribbean U20 w"]
[Site "Medellin COL"]
[Date "2009.08.03"]
[Round "8"]
[White "Castrillon Gomez,M"]
[Black "Gutierrez,L"]
[Result "1/2-1/2"]
[WhiteElo "2031"]
[BlackElo "1896"]

1.e4 c5 2.Nf3 d6 3.d4 cxd4 4.Nxd4 Nf6 5.Nc3 a6 6.f3 e6 7.Be3 b5 8.Qd2 Bb7
9.g4 Nfd7 10.O-O-O Nb6 11.Qf2 N8d7 12.Bd3 Rc8 13.Nce2 d5 14.e5 Nc4 15.f4 Qa5
16.Kb1 Qb4 17.Bc1 Bc5 18.c3 Qa5 19.Rhf1 b4 20.Qf3 Qb6 21.Nb3 bxc3 22.Nxc3 Bb4
23.Ne2 a5 24.Qf2 a4 25.Qxb6 Ndxb6 26.Nbd4 Ke7 27.Nc2 Ba5 28.b4 axb3 29.axb3 Nd7
30.bxc4 dxc4 31.Ba3+ Ke8 32.Bxc4 Rxc4 33.Rd4 Nb6 34.Rfd1 Rxd4 35.Nexd4 Nc4
36.Nb5 Nxa3+ 37.Ncxa3 Be4+ 38.Kb2 Ke7 39.Rd4 Bf3 40.f5 Bb6 41.f6+ gxf6 42.exf6+ Ke8
43.Rd6 Bd8 44.g5 h6 45.Rd3 Bd5 46.Rh3 Kd7 47.Nc3 Rg8 48.Nxd5 exd5 49.gxh6 Bxf6+
50.Kc2 Rc8+ 51.Kd1 Ke6 52.h7 Rh8 53.Rh5 Bb2 54.Nb5 Kf6  1/2-1/2

[Event "ITT Vicente Lopez"]
[Site "Villa Martelli ARG"]
[Date "2009.08.05"]
[Round "2"]
[White "Espinoza Palomino,W"]
[Black "Lopez Azambuja,N"]
[Result "1-0"]
[WhiteElo "2272"]
[BlackElo "2185"]

1.e4 c5 2.Nf3 d6 3.d4 cxd4 4.Nxd4 Nf6 5.Nc3 a6 6.f3 e5 7.Nb3 Be6 8.Be3 Be7
9.Qd2 O-O 10.O-O-O Nbd7 11.g4 b5 12.g5 b4 13.Nd5 Nxd5 14.exd5 Bf5 15.Rg1 a5
16.Bd3 Bxd3 17.Qxd3 a4 18.Nd2 Qa5 19.Kb1 Rfc8 20.Rg4 b3 21.cxb3 axb3 22.a3 Qc7
23.Rc4 Qd8 24.h4 Rcb8 25.Nxb3 Nb6 26.Bxb6 Qxb6 27.Rdc1 g6 28.Ka2 Bf8 29.h5 Qf2
30.hxg6 hxg6 31.R1c2 Qg1 32.Rg4 Qb6 33.Nd2  1-0

[Event "ITT Vicente Lopez"]
[Site "Villa Martelli ARG"]
[Date "2009.08.10"]
[Round "6"]
[White "Lopez Azambuja,N"]
[Black "Rey Besada,F"]
[Result "1/2-1/2"]
[WhiteElo "2185"]
[BlackElo "2213"]

1.e4 c5 2.Nf3 d6 3.d4 cxd4 4.Nxd4 Nf6 5.Nc3 a6 6.f3 e5 7.Nb3 Be6 8.Be3 Be7
9.Qd2 O-O 10.O-O-O Qc7 11.g4 Rc8 12.g5 Nh5 13.Kb1 Nd7 14.Nd5 Bxd5 15.exd5 g6
16.Bh3 a5 17.Bg4 a4 18.Nc1 a3 19.b3 Nf4 20.Bxf4 exf4 21.h4 Bf8 22.Nd3 Bg7
23.Bxd7 Qxd7 24.Rh2 Qf5 25.Re2 Qxd5 26.Nxf4 Qxf3 27.Nd5 Re8 28.Rf2 Qg3 29.Nc7 Rac8
30.Nxe8 Rxe8 31.Qf4 Qe3 32.Qxe3 Rxe3 33.Kc1 Be5 34.Rdf1 f5 35.gxf6 Kf7 36.Rh1 Bg3
37.Rg2 Bf4 38.Kd1 h6 39.Re2 Rg3 40.Re7+ Kxf6 41.Rxb7 Be5 42.Rh7 h5 43.Kd2 Bc3+
44.Ke2 d5 45.Rf1+ Ke6 46.Rc7 d4 47.Kf2 Rg4 48.Rg1 Rxh4 49.Rxg6+ Kf5 50.Rcc6 Rh2+
51.Rg2 Rh1 52.Rg1 Rh2+ 53.Rg2 Rh1 54.Rg1  1/2-1/2

[Event "2nd WCT GM"]
[Site "Moscow RUS"]
[Date "2009.08.11"]
[Round "4"]
[White "Aldokhin,I"]
[Black "Ulko,J"]
[Result "1-0"]
[WhiteElo "2342"]
[BlackElo "2478"]

1.e4 c5 2.Nf3 d6 3.d4 cxd4 4.Nxd4 Nf6 5.Nc3 a6 6.f3 e5 7.Nb3 Be7 8.Be3 Be6
9.Qd2 O-O 10.O-O-O b5 11.Nd5 Bxd5 12.exd5 Qd7 13.Kb1 Rc8 14.g4 a5 15.g5 a4
16.Nc1 Ne8 17.h4 Qb7 18.a3 Bd8 19.f4 Nd7 20.h5 exf4 21.Bxf4 Ne5 22.Bxe5 dxe5
23.Bh3 Rc4 24.g6 f5 25.Bxf5 b4 26.Be6+ Kh8 27.h6 Bh4 28.Rdf1 Nd6 29.axb4 Rxb4
30.hxg7+ Kxg7 31.Qc3 hxg6 32.Qxe5+ Kh6 33.Rf4  1-0

[Event "59th ch-HUN"]
[Site "Szeged HUN"]
[Date "2009.08.13"]
[Round "5"]
[White "Almasi,Z"]
[Black "Ruck,R1"]
[Result "1-0"]
[WhiteElo "2684"]
[BlackElo "2561"]

1.e4 c5 2.Nf3 d6 3.d4 cxd4 4.Nxd4 Nf6 5.Nc3 a6 6.f3 e5 7.Nb3 Be7 8.Be3 Nbd7
9.Qd2 Qc7 10.a4 O-O 11.g4 d5 12.Nxd5 Nxd5 13.exd5 Bh4+ 14.Bf2 Bxf2+ 15.Qxf2 Qd6
16.O-O-O b5 17.axb5 Bb7 18.Kb1 Rfc8 19.Bd3 axb5 20.Bxb5 Nf6 21.Rd3 Ba6 22.Bxa6 Qxa6
23.Qe3 Rc4 24.Re1 Qa2+ 25.Kc1 Rac8 26.Re2 Nd7 27.d6 h6 28.Rd5 Rb4 29.Rxe5 Nxe5
30.Qxe5 Rbb8 31.d7 Rd8 32.Qxb8 Rxb8 33.Re8+ Kh7 34.Rxb8  1-0

[Event "24th ICT Acropolis"]
[Site "Chalkida GRE"]
[Date "2009.08.15"]
[Round "6"]
[White "Aroshidze,L"]
[Black "Papaioannou,I"]
[Result "0-1"]
[WhiteElo "2537"]
[BlackElo "2624"]

1.e4 c5 2.Nf3 d6 3.d4 cxd4 4.Nxd4 Nf6 5.Nc3 a6 6.f3 e5 7.Nb3 Be7 8.Be3 Be6
9.Qd2 O-O 10.O-O-O a5 11.Qe1 Qc7 12.Nb5 Qc6 13.Nxa5 Qc8 14.Kb1 d5 15.exd5 Nxd5
16.Bd2 Nc6 17.a3 Nd4 18.Bd3 Nxb5 19.Bxb5 Bf5 20.Bd3 Bxd3 21.cxd3 Qd7 22.Nc4 b5
23.Nxe5 Qb7 24.Qe4 f5 25.Qe2 b4 26.axb4 Bxb4 27.Nc4 Rfe8 28.Qf2 Bxd2 29.Qxd2 Re2
30.Qc1 Qb3  0-1

[Event "59th ch-HUN"]
[Site "Szeged HUN"]
[Date "2009.08.16"]
[Round "8"]
[White "Balogh,C"]
[Black "Ruck,R1"]
[Result "1/2-1/2"]
[WhiteElo "2595"]
[BlackElo "2561"]

1.e4 c5 2.Nf3 d6 3.Nc3 a6 4.d4 cxd4 5.Nxd4 Nf6 6.Be3 Ng4 7.Bc1 Nf6 8.f3 e5
9.Nb3 Be6 10.Be3 Nbd7 11.Qd2 b5 12.a4 b4 13.Nd5 Bxd5 14.exd5 Nb6 15.Bxb6 Qxb6
16.a5 Qb7 17.Bc4 Be7 18.Ra4 Rb8 19.Qd3 Ra8 20.Qd2 Rb8 21.Qd3 Ra8 22.Qd2 Rb8
23.Qd3 Ra8 24.Qd2  1/2-1/2

[Event "5th Geller Mem Open A"]
[Site "Odessa UKR"]
[Date "2009.08.24"]
[Round "5"]
[White "Litvak,M"]
[Black "Spodyniuk,V"]
[Result "1/2-1/2"]
[WhiteElo "2270"]
[BlackElo "1876"]

1.e4 c5 2.Nf3 d6 3.d4 cxd4 4.Nxd4 Nf6 5.Nc3 a6 6.f3 e6 7.Be3 b5 8.Qd2 Qc7
9.O-O-O Bb7 10.g4 b4 11.Na4 d5 12.e5 Nfd7 13.f4 Nc6 14.Qf2 Be7 15.Bd3 Rb8
16.Rhg1 Qa5 17.b3 Nxd4 18.Bxd4 Bc6 19.Nb2 Qxa2 20.g5 g6 21.Rg3 Qa5 22.f5 Bc5
23.Kb1 Bxd4 24.Qxd4 Qc5 25.Qf4 gxf5 26.h4 Kd8  1/2-1/2

[Event "43rd Open"]
[Site "Mislata ESP"]
[Date "2009.08.28"]
[Round "7"]
[White "Megias Chafer,A"]
[Black "Alonso Moyano,J"]
[Result "0-1"]
[WhiteElo "2138"]
[BlackElo "2365"]

1.e4 c5 2.Nf3 d6 3.d4 cxd4 4.Nxd4 Nf6 5.Nc3 a6 6.f3 b5 7.Be3 Bb7 8.Qd2 Nbd7
9.O-O-O e6 10.g4 Nb6 11.Bd3 Rc8 12.h4 Nfd7 13.Qf2 Rxc3 14.bxc3 Na4 15.Bd2 Qc7
16.Nb3 d5 17.exd5 Bxd5 18.Be4 Ba3+ 19.Kb1 Ndb6 20.Qd4 O-O 21.h5 e5 22.Qd3 Bxe4
23.fxe4 Nc4 24.h6 g6 25.Qf3 Qe7 26.Rh3 f6 27.Qd3 Bb2 28.a3 Rd8 29.Qe2 Nxa3+
30.Ka2 Nc4 31.Rd3 Rf8 32.Rf1 Nc5 33.Kb1 Na4 34.Qf2 Qa3 35.Rd1 Nxd2+ 36.Qxd2 Bxc3
37.Qc1 Bb2 38.Qe3 Bd4 39.Qc1 Nc3+ 40.Rxc3 Qxc1+ 41.Kxc1 Bxc3 42.Rd7 Bb4 43.Rg7+ Kh8
44.Ra7 a5 45.Nxa5 Bc5 46.Rb7 Be3+ 47.Kd1 Rd8+ 48.Ke2 Bxh6 49.Nb3 Rc8 50.Kd3 Bf4
51.Rxb5 h5 52.gxh5 gxh5 53.Ra5 h4 54.Ra1 h3 55.Rh1 h2 56.Nc1 Bxc1 57.Rxc1 Rg8
58.Rh1 Rg2 59.c4 Kg7 60.Ke3 Kf7 61.Kf3 Rc2 62.Kg3 Rxc4 63.Rxh2 Rxe4 64.Kf3  0-1

[Event "XIX EYCC Boys U16"]
[Site "Fermo ITA"]
[Date "2009.09.01"]
[Round "2"]
[White "Di Trapani,D"]
[Black "Binci,L"]
[Result "1-0"]
[WhiteElo "1883"]
[BlackElo "1675"]

1.e4 c5 2.Nf3 d6 3.d4 cxd4 4.Nxd4 Nf6 5.Nc3 a6 6.f3 e5 7.Nb3 Be6 8.Be3 Nbd7
9.Qd2 b5 10.O-O-O Be7 11.Kb1 Nb6 12.Na5 Qc7 13.g4 b4 14.Ne2 d5 15.g5 Nfd7
16.Bxb6 Nxb6 17.Ng3 g6 18.h4 d4 19.Bd3 Nd7 20.Nb3 a5 21.f4 a4 22.Nc1 b3 23.f5 bxa2+
24.Ka1 Bc4 25.h5 Bxd3 26.Nxd3 gxh5 27.Rxh5 Nb6 28.g6 fxg6 29.fxg6 Bf6 30.Qh6 Qxc2
31.Rhh1 hxg6 32.Qxg6+ Ke7 33.Rh7+ Rxh7 34.Qxh7+ Ke8 35.Qg8+ Kd7 36.Qf7+ Be7
37.Nxe5+ Kd6 38.Nf5+ Kxe5 39.Qxe7+ Kf4 40.Rf1+ Kg4 41.Qh4+  1-0

[Event "ch-PAR"]
[Site "Asuncion PAR"]
[Date "2009.09.07"]
[Round "2"]
[White "Almiron,A"]
[Black "Pereira,Fa PAR"]
[Result "1-0"]
[WhiteElo "2083"]
[BlackElo "2086"]

1.e4 c5 2.Nf3 d6 3.d4 cxd4 4.Nxd4 Nf6 5.Nc3 a6 6.f3 e5 7.Nb3 Be6 8.Be3 Nbd7
9.g4 b5 10.g5 Nh5 11.Qd2 Nb6 12.Nd5 Bxd5 13.exd5 Nf4 14.Bxf4 exf4 15.h4 Qe7+
16.Be2 h6 17.O-O-O Qe3 18.Bxb5+ Kd8 19.Bc6 Qxd2+ 20.Nxd2 Rc8 21.a4 Rc7 22.a5 Nc8
23.Nb3 Ne7 24.Nd4 g6 25.Ba4 Bg7 26.Nc6+ Kc8 27.Rhe1 Nf5 28.Re4 hxg5 29.hxg5 Ne3
30.Re1 Nxd5 31.Re8+ Kb7 32.Rxh8 Bxh8 33.Re8 Rc8 34.Nd8+ Kc7 35.Nxf7 Rxe8
36.Bxe8 Bg7 37.Nh6 Ne7 38.c4 Bd4 39.Kc2 d5 40.cxd5 Kd6 41.Bf7 Bf2 42.Ng4 Bh4
43.Nf6 Be1 44.Ne4+ Ke5 45.d6 Nc6 46.Bxg6 Bxa5 47.Bh5 Nd4+ 48.Kd3 Nf5 49.g6 Kd5
50.Bg4 Ng7 51.d7 Bd8 52.b4  1-0

[Event "ch-RUS HL"]
[Site "Ulan Ude RUS"]
[Date "2009.09.07"]
[Round "6"]
[White "Najer,E"]
[Black "Potkin,V"]
[Result "1/2-1/2"]
[WhiteElo "2681"]
[BlackElo "2606"]

1.e4 c5 2.Nf3 d6 3.d4 cxd4 4.Nxd4 Nf6 5.Nc3 a6 6.f3 e5 7.Nb3 Be7 8.Be3 O-O
9.Qd2 Be6 10.O-O-O Nbd7 11.g4 b5 12.g5 b4 13.Ne2 Ne8 14.f4 a5 15.f5 a4 16.fxe6 axb3
17.exf7+ Rxf7 18.cxb3 Rxa2 19.Kb1 Qa8 20.Ng3 Rxf1 21.Rhxf1 Ra1+ 22.Kc2 Qc6+
23.Kd3 Qb5+ 24.Kc2 Qc6+ 25.Kd3 Qb5+ 26.Kc2  1/2-1/2

[Event "XIX EYCC Boys U16"]
[Site "Fermo ITA"]
[Date "2009.09.08"]
[Round "8"]
[White "Foster,JM"]
[Black "Schnegg,D"]
[Result "0-1"]
[WhiteElo "1867"]
[BlackElo "2092"]

1.e4 c5 2.Nf3 d6 3.d4 cxd4 4.Nxd4 Nf6 5.Nc3 a6 6.f3 e6 7.Be3 Nbd7 8.Qd2 b5
9.g4 h6 10.O-O-O Bb7 11.h4 b4 12.Na4 Qa5 13.b3 Nc5 14.a3 Nxa4 15.axb4 Qc7
16.bxa4 d5 17.e5 Nd7 18.f4 Nb6 19.f5 Nxa4 20.fxe6 Nc3 21.exf7+ Kxf7 22.e6+ Kg8
23.Bf4 Bxb4 24.Qe3 Qa5 25.Qf3 Qa1+ 26.Kd2 Nxd1+ 27.Ke2 Qxd4  0-1

[Event "2nd WTeam w"]
[Site "Ningbo CHN"]
[Date "2009.09.08"]
[Round "6"]
[White "Aginian,N"]
[Black "Majdan,J"]
[Result "1/2-1/2"]
[WhiteElo "2307"]
[BlackElo "2361"]

1.e4 c5 2.Nf3 d6 3.d4 cxd4 4.Nxd4 Nf6 5.Nc3 a6 6.f3 e6 7.Be3 b5 8.g4 h6 9.Qd2 b4
10.Na4 Nbd7 11.h4 Ne5 12.Rg1 Bd7 13.b3 Bxa4 14.bxa4 d5 15.g5 hxg5 16.hxg5 Nxf3+
17.Nxf3 Nxe4 18.Qd4 Qc7 19.Bd3 Rh3 20.Bxe4 dxe4 21.Qxe4 Rc8 22.Rc1 Bc5 23.g6 Bxe3
24.Qxe3 Qb7 25.gxf7+ Qxf7 26.Rf1 Rc3 27.Qe4 Rhxf3 28.Qa8+ Ke7 29.Qb7+ Kf8
30.Qa8+ Ke7 31.Qb7+ Kf8 32.Qa8+ Ke7 33.Qb7+  1/2-1/2

[Event "7th ch-Mediterranean"]
[Site "Rijeka CRO"]
[Date "2009.09.13"]
[Round "4"]
[White "Fakhiridou,E"]
[Black "Yilmaz,M"]
[Result "0-1"]
[WhiteElo "2253"]
[BlackElo "2475"]

1.e4 c5 2.Nf3 d6 3.d4 cxd4 4.Nxd4 Nf6 5.Nc3 a6 6.f3 e5 7.Nb3 Be7 8.Be3 O-O
9.Qd2 Be6 10.O-O-O a5 11.Bb5 Na6 12.Qe2 a4 13.Nxa4 Nc7 14.Nc3 Qb8 15.Kb1 Nxb5
16.Qxb5 Rc8 17.Nd5 Nxd5 18.exd5 Bf5 19.Rd2 Qc7 20.Rc1 Bd7 21.Qd3 b5 22.g4 Qb7
23.c3 Rc4 24.a3 f5 25.Rg1 fxg4 26.fxg4 Be8 27.Ka2 Bg6 28.Qe2 Rca4 29.Rd3 b4
30.cxb4 Qxb4 31.Bc1 Bg5 32.Rdg3 Bxc1 33.Nxc1 Rxa3+  0-1